Toutes les créatures de ark sur the island - Statistiques

Statistiques générales
  • Ce quiz a été pris 103 fois
  • Le résultat moyen est 57 sur 119
Statistiques - réponses
Créature % Correct
T-rex
93%
T-rex Alpha
93%
T-rex Tek
93%
Raptor Alpha
88%
Raptor Tek
88%
Dodo
86%
Mégalodon
83%
Mégalodon Alpha
83%
Raptor
81%
Parasaure
79%
Parasaure Tek
79%
Tricératops
79%
Stégosaure
76%
Stégosaure Tek
76%
Dilophosaure
74%
Diplodocus
74%
Ptéranodon
74%
Brontosaure
71%
Mosasaure
71%
Mosasaure Alpha
71%
Allosaure
69%
Quetzal
69%
Quetzal Tek
69%
Carnotaure
67%
Carnotaure Alpha
67%
Titanosaure
67%
Ankylosaure
66%
Argentavis
66%
Giganotosaure
66%
Compy
60%
Loup sinistre
60%
Spinosaure
60%
Sarcosuchus
59%
Titanoboa
59%
Mammouth
57%
Yutyrannus
57%
Ours sinistre
55%
Thérizinosaure
53%
Trilobite
53%
Doedicurus
52%
Piranha
52%
Plésiosaure
52%
Smilodon
52%
Carbonemys
50%
Saumon
50%
Aranéo
48%
Baryonyx
48%
Basilosaure
48%
Loutre
48%
Lystrosaure
48%
Microraptor
48%
Thylacoleo
48%
Coelacanthe
47%
Equus
47%
Kaprosuchus
47%
Troodon
47%
Arthropleura
45%
Ichtyosaure
45%
Mégalosaure
45%
Rhinocéros laineux
45%
Achatina
43%
Ammonite
43%
Beelzebufo
41%
Castoroides
41%
Iguanodon
41%
Pachycéphalosaure
41%
Sangsue
41%
Titanomyrma
41%
Abeille géante
40%
Daeodon
40%
Dimorphodon
40%
Manta
40%
Megalania
40%
Moschops
40%
Pelagornis
40%
Baudroie abyssale
38%
Gallimimus
38%
Licorne
38%
Oviraptor
38%
Pachyrhinosaure
38%
Tusoteuthis
38%
Tusoteuthis Alpha
38%
Carcharodontosaure
36%
Chalicotherium
36%
Diplocaulus
36%
Kairuku
36%
Mégalocéros
36%
Onyc
36%
Bousier
34%
Dimétrodon
34%
Gigantopithèque
34%
Liopleurodon
34%
Yéti
34%
Hyène
33%
Méganeura
33%
Cnidaria
31%
Electrophorus
31%
Phiomia
31%
Pulmonoscorpius
31%
Archaeopteryx
29%
Dunkleosteus
29%
Hesperornis
29%
Mégathérium
29%
Mésopithèque
29%
Pegomastax
29%
Ovis
28%
Oiseau-Terreur
26%
Paraceratherium
26%
Ichtyornis
22%
Ours polaire
22%
Procoptodon
21%
Rhyniognatha
21%
Leedsichthys
19%
Leedsichthys Alpha
19%
Purlovia
19%
Euryptéride
17%
Tapajara
17%
Kentosaure
16%
Reine abeille géante
14%
Aucun quiz correspondant
Distribution des résultats
% des personnes avec chaque résultat
Percentile par nombre de réponses
Votre historique - résultats
Vous n’avez pas pris ce quiz